Hrádza proti fašizmu K výročiu Májového povstania českého ľudu

Bibliographic Details
Main Author: Kuček, Martin (Author)
Format: Article
Language:Slovak
Subjects:

MARC

LEADER 00000nab a2200000 a 4500
001 vtls000028713
003 SK-MaSNL
005 20260305020506.0
008 180405c1979 xo 0 slo
015 |a SNBRB19rr/mm-uuuuu 
035 |a CL0038807 
040 |a SNKBUCL  |b slo  |c SNKBUCL  |e AACR2 
041 0 |a slo 
044 |a xo  |c SK 
080 |a 943.71/.72  |2 1981 
100 1 |a Kuček, Martin  |4 aut  |9 517197 
245 1 0 |a Hrádza proti fašizmu  |b K výročiu Májového povstania českého ľudu  |c Martin Kuček 
650 0 7 |a druhá svetová vojna (1939-1945)  |2 snkbucl  |9 169657 
650 0 7 |a Májové povstanie českého ľudu (1945)  |2 snkbucl  |9 177961 
655 7 |a články z novín a časopisov  |2 snkbucl  |9 267496 
773 0 |t Smena  |g Roč. 32, č. 105 (5. 5. 1979), s. 4 
850 |a Slovenská národná knižnica v Martine  |a MTA001 
852 |a SNK  |b KIS3GCP 
958 |a RK 
958 |a CZ 
992 |a RBX 
999 |c 3280972  |d 3282902